| 000 | 00720nam a2200229 a 4500 | ||
|---|---|---|---|
| 001 | BRCA_4747 | ||
| 005 | 20190320204803.0 | ||
| 008 | 071010s1923----enka######---#000-0#eng-# | ||
| 041 | _aeng | ||
| 044 | _aenk | ||
| 050 | 4 |
_aND813.G6 _b.Y68 1923 |
|
| 100 | 1 |
_aYoung, Blamire _912010 |
|
| 245 | 1 | 0 |
_aThe proverbs of Goya _bBeing an account of ´Los Proverbios´, examined and now for the first time explained _cby Blamire Young. |
| 260 |
_aLondres _bJohnatan Cape _c1923 |
||
| 300 |
_a156 p. _bil. _c20 cm. |
||
| 500 | _aIncluye índice de ilustraciones | ||
| 500 | _aD88 | ||
| 600 | 1 | 4 |
_aGoya y Lucientes, Francisco José de _d1746-1828 _911075 |
| 650 | 1 | 4 |
_aPintores españoles _97620 |
| 902 | _aGFM | ||
| 942 |
_2lcc _cB |
||
| 999 |
_c4445 _d4445 |
||